00342nam a2200109Ia 4500008004100000082001700041100001800058245002000076260003300096630001800129650008500147211109s9999||||xx |||||||||||||| ||und|| a823.2bWAU-H aWaugh, Evelyn 0aHandful of Dust bPenguin BooksaNoplacec1976 xGeneral Stack aEnglish LiteraturevEnglish FictionxEnglish NovelEnglish Short StoriesGeneralia